100 joueurs suisses avec la plus grosse valeur marchande - Statistiques

Statistiques générales
  • Ce quiz a été pris 85 fois
  • Le résultat moyen est 22 sur 100
Statistiques - réponses
Club Prix Réponse % Correct
Manchester City 38 millions Manuel Akanji
94%
Bayer Leverkusen 20 millions Granit Xhaka
88%
AS Monaco 20 millions Breel Embolo
82%
Inter Milan 5 millions Yann Sommer
82%
AS Monaco 18 millions Denis Zakaria
79%
Borussia Dortmund 35 millions Gregor Kobel
79%
Newcastle 10 millions Fabian Schar
72%
Milan AC 20 millions Noah Okafor
65%
Chicago Fire 4 millions Xherdan Shaqiri
65%
1.FC Kaiserslautern 800k Jan Elvedi
60%
Borussia Monchengladbach 18 millions Nico Elvedi
60%
Torino 3,5 millions Ricardo Rodriguez
60%
Seville FC 22 millions Djibril Sow
55%
Bologne 8 millions Remo Freuler
55%
Burnley 10 millions Zeki Amdouni
53%
Augsbourg 6,5 millions Ruben Vargas
51%
Al-Wasl SC 4 millions Haris Seferovic
49%
Bologne 3,5 millions Dan Ndoye
47%
Stade Rennais 15 millions Fabian Rieder
46%
OGC Nice 8 millions Jordan Lotomba
42%
Lorient 3,5 millions Yvon Mvogo
41%
Bologne 4 millions Michel Aebischer
40%
Borussia Monchengladbach 9 millions Jonas Omlin
38%
Augsbourg 3,5 millions Kevin Mbabu
37%
Mayence 3,5 millions Silvan Widmer
36%
Mayence 5,5 millions Edimilson Fernandes
35%
AS Monaco 4,5 millions Philipp Kohn
35%
St.Louis City SC 1,5 millions Roman Burki
35%
AEK Athenes 2,5 millions Steven Zuber
35%
FC Lucerne 7,5 millions Ardon Jashari
33%
FC Lugano 1 million Renato Steffen
33%
Young Boys Berne 2,7 millions Ulisses Garcia
28%
KRC Genk 3,5 millions Andi Zeqiri
26%
(sans club) 750k Mario Gavranovic
26%
Young Boys Berne 4 millions Cedric Itten
24%
Norwich City 2,5 millions Christian Fassnacht
24%
Wolfsburg 5,5 millions Cedric Zesiger
23%
Young Boys Berne 2,5 millions David von Ballmoos
22%
Montpellier 3 millions Becir Omeragic
21%
FC Nantes 3,5 millions Eray Comert
21%
Young Boys Berne 6 millions Kastriot Imeri
21%
Toulouse FC 1,5 millions Vincent Sierro
21%
Stuttgart 3 millions Leonidas Stergiou
18%
Young Boys Berne 2,7 millions Filip Ugrinic
14%
Royal Antwerp 2 millions Michael Frey
14%
Young Boys Berne 1,7 millions Sandro Lauper
13%
Gaziantep FK 1,7 millions Albian Ajeti
10%
FC Bale 2,5 millions Dominik Schmid
10%
Young Boys Berne 1,8 millions Lewin Blum
10%
FC Lugano 800k Uran Bislimi
10%
Young Boys Berne 1,7 millions Anthony Racioppi
9%
Young Boys Berne 2 millions Aurèle Amenda
9%
Dinamo Zagreb 2 millions Josip Drmic
9%
Parme 2 millions Simon Sohm
9%
Servette Geneve 1,3 millions Jérémy Guillemenot
8%
FC Winterthur 800k Marvin Keller
8%
Servette Geneve 2,2 millions Nicolas Vouilloz
8%
Genoa 3,4 millions Silvan Hefti
8%
Servette Geneve 1 million Alexis Antunes
6%
FC St.Gallen 1 million Bastien Toma
6%
Ludogorets 1,3 millions Kwadwo Duah
6%
Sampdoria 700k Pajtim Kasami
6%
Lausanne Sport 800k Alvyn Sanches
5%
Grasshoper Zurich 1 million Bradley Fink
5%
RB Salzbourg 1 million Bryan Okoh
5%
Schalke 04 1,8 millions Cédric Brunner
5%
FC St.Gallen 800k Christian Witzig
5%
Young Boys Berne 5 millions Darian Males
5%
FC Lugano 1 million Albian Hajdari
4%
FC Lugano 1,3 millions Amir Saipi
4%
FC Lugano 800k Anto Grgic
4%
FC St.Gallen 2,5 millions Felix Mambimbi
4%
Hertha Berlin 2,2 millions Haris Tabakovic
4%
FC St.Gallen 1,7 millions Julian Von Moos
4%
FC Bale 800k Kevin Ruegg
4%
Legia Varsovie 4 millions Marco Burch
4%
FC Zurich 800k Yanick Brecher
4%
FC Zurich 1 million Bledian Krasniqi
3%
Sturm Graz 3 millions Gregory Wuthrich
3%
FC St.Gallen 1,8 millions Isaac Schmidt
3%
FC Winterthur 1 million Matteo Di Giusto
3%
Hambourg SV 1,5 millions Miro Muheim
3%
FC Lucerne 800k Pascal Loretz
3%
FC Lugano 800k Allan Arigoni
1%
Shanghai Shenhua 1,5 millions Cephas Malele
1%
Cremonese 3,8 millions Charles Pickel
1%
Darmstadt 2 millions Filip Stojkovic
1%
FC Lucerne 2,4 millions Nicky Beloko
1%
FC Lucerne 2 millions Nicolas Haas
1%
FC Lucerne 800k Severin Ottiger
1%
Fribourg 800k Alessio Besio
0%
Celtic Glasgow 700k Benjamin Siegrist
0%
Yverdon Sport 750k Christopher Lungoyi
0%
Rubin Kazan 800k Darko Jevtic
0%
Grasshopper Zurich 800k Giotto Morandi
0%
Viborg FF 750k Nicolas Burgy
0%
Bochum 800k Noah Loosli
0%
NK Osijek 900k Petar Pusic
0%
Radomiak Radom 700k Roberto Alves
0%
RSC Charleroi 800k Stefan Knezevic
0%
Aucun quiz correspondant
Distribution des résultats
% des personnes avec chaque résultat
Percentile par nombre de réponses
Votre historique - résultats
Vous n’avez pas pris ce quiz